000 00717nam a2200229 a 4500
999 _c11529
_d11529
001 11529
003 BD-JhCC
005 20191031113835.0
008 180624b20092010bg a|||| ||a| 001 0 ben d
020 _a9847015601379
035 _a(BD-JhCC)11529
040 _aBD-JhCC
_dBD-JhCC
041 _aben
082 _bRAF 2010
_a954.9205
100 _aরফিক, আহমেদ
245 _aভাষা আন্দোলনের কথা /
_cআহমেদ রফিক ।
260 _aঢাকা:
_bমাওলা ব্রাদার্স;
_c২০১০.
300 _a৩২ পৃ. :
_bill;
_c২১ সেমি.
650 _aLanguage Movement
942 _2ddc
_cBK